LEADER 01329nam a2200301 4500 001 000000332743 003 CaOOAMICUS 005 20190403164634.0 008 190311s2017 it a 000 u ita r 020 $a978-88-99016-63-0 040 $aSeMil$bita 100 1 $aRocchi, Ciaj.$0(OLS)http://semarc/name/109114 245 10$aChinamen :$bun secolo di cinesi a Milano / $cCiaj Rocchi, Matteo Demonte. 264 1$a[Padova] :$bBeccogiallo,$c2017. 264 1$cAnno. 300 $a183 p. : $bin gran parte ill. ;$c24 cm 500 $aGraphic novel pubblicata in occasione della Mostra "Chinamen. 100 anni di cinesi a Milano", 15 marzo - 17 aprile 2017, Milano. 541 1 $aFondo mons. Mario Delpini 650 4$aMilano - Popolazione cinese.$0(OLS)http://semarc/subject/48260 700 1 $aDe Monte, Matteo.$0(OLS)http://semarc/name/109115 850 $aSeMil 852 $aSeMil$W1$xVenegono$y1$m3O IV 172$j213154$B226015$CSeMilBibl$Z2$F226015 $81 941 1 $a7 996 $6020$a978-88-99016-63-0$9(OLS)http://semarc/number/286721 996 $6245$aChinamen :$bun secolo di cinesi a Milano / $9(OLS)http://semarc/title/421803 996 $6264$a[S.l.] :$b[s.n.]$9(OLS)http://semarc/publisher/0 996 $6264$a[Padova] :$bBeccogiallo$9(OLS)http://semarc/publisher/58121 LEADER 01291nam a2200277 i 4500 001 000000092111 003 CaOOAMICUS 005 20191121124034.0 008 160129n it u000 u mul u 013 $a64353 040 $aSeMil$bita 100 1 $aCormon, Jacques-Louis-Barthélemy.$0(OLS)http://semarc/name/41004 245 10$aDizionario francese-italiano e italiano-francese /$cdi Cormon e Manni ; compilato sui migliori lessici moderni d'ambe le lingue ed arricchito d'oltre 3000 vocaboli da Giuseppe Asti. 250 $aNuova ed. / per cura di O. Ferrario. 264 1$aMilano :$bOreste Ferrario,$c[18-?] 300 $a976 p. ;$c15 cm. 650 4$aLingua francese - Dizionari - Ed. ante 1900.$0(OLS)http://semarc/subject/48510 700 1 $aAsti, Giuseppe.$0(OLS)http://semarc/name/41007 700 1 $aManni, Vincenzo.$0(OLS)http://semarc/name/41006 700 1 $aFerrario, Oreste.$0(OLS)http://semarc/name/41005 850 $aSeMil 852 $aSeMil$W1$xVenegono$y1$m1B II 4 FA$j55024$B55024$CSeMilBibl$Z2$F59712 $8I 961 $aRecupero: Seminario di Seveso 996 $6245$aDizionario francese-italiano e italiano-francese$9(OLS)http://semarc/title/138254 996 $6264$aMilano :$bOreste Ferrario$9(OLS)http://semarc/publisher/42268